| 000 | 00979nas a2200301 4500 | ||
|---|---|---|---|
| 001 | BR2013006185 | ||
| 003 | BR-BrBNA | ||
| 005 | 20231205122740.0 | ||
| 007 | ta | ||
| 008 | 230509b bl.|||p| |||| 00| 00por d | ||
| 040 |
_aBR-BrBNA _bpor _cBiblioteca Nacional de Agricultura |
||
| 041 | _a(Pt) | ||
| 072 | _aF61; F60 | ||
| 100 | 1 | _aSerra, A.P. | |
| 100 | 1 | _aMarchetti, M.E. | |
| 100 | 1 | _aVitorino, A.C.T. | |
| 100 | 1 | _aNovelino, J.O. | |
| 100 | 1 | _aCamacho, M.A. | |
| 245 | 1 | _aDesenvolvimento de normas DRIS e CND e avaliação do estado nutricional da cultura do algodoeiro | |
| 650 | _aALGODÃO | ||
| 650 | _aNUTRIENTE MINERAL | ||
| 650 | _aANÁLISE FOLIAR | ||
| 650 | _aCOMPOSIÇÃO QUÍMICA | ||
| 773 | 0 |
_tRevista Brasileira de Ciência do Solo (Brazil) _xISSN 0100-0683 _g(Jan-Feb 2010), v. 34(1) p. 97-104 _wBR2013006185 |
|
| 856 | 4 | 0 | _uhttp://www.scielo.br/pdf/rbcs/v34n1/a10v34n1.pdf |
| 909 |
_a202311 _bLúcia _c55 _dLúcia Elande |
||
| 942 |
_2AGRIS _n0 _cANA |
||
| 999 |
_c230333 _d230333 |
||